| 000 | 00733nmc a2200265 a 4500 | ||
|---|---|---|---|
| 003 | AR-BaBNM | ||
| 005 | 20251128211218.0 | ||
| 008 | 113020s1992 ||||||||||||||000 | spa|| | ||
| 040 | _cAR-BaBNM | ||
| 245 | 1 | 0 |
_aAmerican Perspectives _bThe United States in the Modern Age |
| 260 |
_aWashington, D.C. _bUnited States Information Agency _c1992 |
||
| 300 |
_aix; 343 p. _bláms. |
||
| 490 | 0 | _aForum Reader Series | |
| 650 | 4 | _aMUJERES | |
| 650 | 4 | _aSOCIEDAD | |
| 650 | 4 | _aHISTORIA POLITICA | |
| 650 | 4 | _aSIGLO VEINTE | |
| 650 | 4 | _aHISTORIA ECONOMICA | |
| 650 | 4 | _aHISTORIA SOCIAL | |
| 650 | 4 | _aHISTORIA DE LAS COSTUMBRES | |
| 651 | 4 | _aEstados Unidos | |
| 700 | 1 |
_aBode, Carl _eeditor |
|
| 942 | _cBK | ||
| 998 | _cMariana | ||
| 999 |
_c18737 _d18737 |
||